[Event "Nova Gorica op 27th"]
[Site "Nova Gorica"]
[Date "2023.03.17"]
[Round "2"]
[White "Bradac, Simon"]
[Black "Pennica, Andrea"]
[Result "0-1"]
[WhiteElo "1816"]
[BlackElo "2094"]
[PlyCount "34"]
[EventDate "2023.03.16"]
[EventType "swiss"]
[EventRounds "9"]
[EventCountry "SLO"]
[SourceTitle "CBM 213 Extra"]
[Source "ChessBase"]
[SourceDate "2023.05.31"]
[SourceVersion "1"]
[SourceVersionDate "2023.05.31"]
[SourceQuality "1"]

1. c4 Nf6 2. Nf3 e6 3. g3 d5 4. Bg2 Be7 5. 0-0 0-0 6. b3 a5 7. Nc3 d4 8. Nb5 Bc5 9. e3 Nc6 10. Bb2 e5 11. Nxe5 Nxe5 12. exd4 Nd3 13. dxc5 Nxb2 14. Qc2 Nd3 15. Qc3 c6 16. Nd4 Nxc5 17. Rfe1 Qd6 0-1

[Event "Piestany Slovakia op-A"]
[Site "Piestany"]
[Date "2022.07.18"]
[Round "9"]
[White "Delgerdalai, Bayarjavkhlan"]
[Black "Pennica, Andrea"]
[Result "1-0"]
[WhiteElo "2209"]
[BlackElo "1986"]
[PlyCount "51"]
[EventDate "2022.07.11"]
[EventType "swiss"]
[EventRounds "9"]
[EventCountry "SVK"]
[SourceTitle "CBM 209 Extra"]
[Source "ChessBase"]
[SourceDate "2022.09.30"]
[SourceVersion "1"]
[SourceVersionDate "2022.09.30"]
[SourceQuality "1"]

1. e4 Nf6 2. e5 Nd5 3. d4 d6 4. Nf3 dxe5 5. Nxe5 g6 6. c4 Nb6 7. Nc3 Bg7 8. Be3 Be6 9. Qb3 0-0 10. Rd1 Qc8 11. Nf3 Bg4 12. Be2 Nc6 13. d5 Bxf3 14. gxf3 Nb8 15. h4 N6d7 16. h5 Ne5 17. f4 Ng4 18. Ne4 Nxe3 19. Qxe3 Re8 20. hxg6 hxg6 21. Ng5 e5 22. dxe6 f6 23. e7 Nc6 24. c5 Rxe7 25. Qb3+ Kf8 26. Nh7+ 1-0

[Event "Piestany Slovakia op-A"]
[Site "Piestany"]
[Date "2022.07.14"]
[Round "5"]
[White "Sevcikova, Lucia"]
[Black "Pennica, Andrea"]
[Result "0-1"]
[WhiteElo "2036"]
[BlackElo "1986"]
[PlyCount "70"]
[EventDate "2022.07.11"]
[EventType "swiss"]
[EventRounds "9"]
[EventCountry "SVK"]
[SourceTitle "CBM 209 Extra"]
[Source "ChessBase"]
[SourceDate "2022.09.30"]
[SourceVersion "1"]
[SourceVersionDate "2022.09.30"]
[SourceQuality "1"]

1. d4 Nf6 2. c4 c5 3. d5 b5 4. cxb5 a6 5. bxa6 g6 6. Nc3 Bg7 7. e4 0-0 8. Nf3 Qa5 9. Bd2 d6 10. Be2 Bxa6 11. 0-0 Bxe2 12. Qxe2 Qa6 13. Qxa6 Nxa6 14. a3 Rfb8 15. Rfb1 Rb3 16. Bc1 Rab8 17. Nd2 R3b7 18. f4 Ng4 19. Nd1 Nc7 20. h3 Bd4+ 21. Kf1 Nf6 22. Ra2 e6 23. dxe6 Nxe6 24. g3 h5 25. h4 c4 26. Nxc4 Nxe4 27. Kg2 Rb3 28. Nce3 Rc8 29. Kf3 f5 30. Kg2 Bxe3 31. Nxe3 d5 32. Nxd5 Rc2+ 33. Kg1 Rxg3+ 34. Kh1 Rh3+ 35. Kg1 Ng3 0-1

[Event "Piestany Slovakia op-A"]
[Site "Piestany"]
[Date "2022.07.13"]
[Round "4"]
[White "Pennica, Andrea"]
[Black "Aradhya, Garg"]
[Result "0-1"]
[WhiteElo "1986"]
[BlackElo "2229"]
[PlyCount "82"]
[EventDate "2022.07.11"]
[EventType "swiss"]
[EventRounds "9"]
[EventCountry "SVK"]
[SourceTitle "CBM 209 Extra"]
[Source "ChessBase"]
[SourceDate "2022.09.30"]
[SourceVersion "1"]
[SourceVersionDate "2022.09.30"]
[SourceQuality "1"]

1. e4 e5 2. Nf3 Nc6 3. Bc4 Nf6 4. 0-0 Nxe4 5. Bd5 Be7 6. c3 Nf6 7. Bxc6 dxc6 8. Nxe5 0-0 9. d4 c5 10. Be3 cxd4 11. cxd4 Nd5 12. Nc3 Be6 13. Qe2 Re8 14. f4 f6 15. f5 Nxe3 16. Qxe3 fxe5 17. dxe5 Bc4 18. Rad1 Bd6 19. Rf4 Rxe5 20. Qxe5 Bxe5 21. Rxd8+ Rxd8 22. Rxc4 Rd2 23. Re4 Bd4+ 24. Kf1 Kf7 25. Re2 Bxc3 26. bxc3 Rxe2 27. Kxe2 Kf6 28. g4 h5 29. Kf3 Kg5 30. h4+ Kxh4 31. gxh5 Kxh5 32. Kf4 Kh6 33. c4 c6 34. Ke5 Kg5 35. Ke6 Kf4 36. a4 Ke4 37. a5 b5 38. axb6 axb6 39. Kd6 b5 40. c5 b4 41. Kxc6 b3 0-1

[Event "Piestany Slovakia op-A"]
[Site "Piestany"]
[Date "2022.07.11"]
[Round "1"]
[White "Straka, Jozef1111"]
[Black "Pennica, Andrea"]
[Result "1-0"]
[WhiteElo "2300"]
[BlackElo "1986"]
[PlyCount "105"]
[EventDate "2022.07.11"]
[EventType "swiss"]
[EventRounds "9"]
[EventCountry "SVK"]
[SourceTitle "CBM 209 Extra"]
[Source "ChessBase"]
[SourceDate "2022.09.30"]
[SourceVersion "1"]
[SourceVersionDate "2022.09.30"]
[SourceQuality "1"]

1. d4 Nf6 2. c4 c5 3. d5 e6 4. Nc3 exd5 5. cxd5 d6 6. Nf3 g6 7. Nd2 Bg7 8. e4 0-0 9. Be2 Re8 10. 0-0 a6 11. a4 Nbd7 12. Re1 Rb8 13. a5 Ne5 14. h3 g5 15. Nf1 h6 16. Ng3 Ng6 17. Ra3 Re5 18. Bg4 Nxg4 19. hxg4 b5 20. axb6 Rxb6 21. Nf5 Bxf5 22. gxf5 Nf8 23. Qe2 Nh7 24. Rxa6 Rb4 25. f3 g4 26. fxg4 Qh4 27. Ra8+ Nf8 28. Qf2 Qe7 29. Rf1 Qb7 30. f6 Bh8 31. Rxf8+ Kxf8 32. Qf4 Qc8 33. Qxh6+ Kg8 34. Qf4 Qd8 35. Rf3 Qxf6 36. Qxf6 Bxf6 37. Rxf6 Rb6 38. g5 Re7 39. g6 fxg6 40. Rxg6+ Kf7 41. Rh6 Kg7 42. Re6 Ra7 43. Kh2 Kg8 44. e5 Raa6 45. Rxd6 Rxd6 46. exd6 Rxd6 47. g4 Kf7 48. Kg3 Rf6 49. Ne4 Rf1 50. Bd2 Rd1 51. Kf4 Ke7 52. Ke5 Rf1 53. Nxc5 1-0

[Event "ITA-ch U16"]
[Site "Salsomaggiore Terme"]
[Date "2019.07.13"]
[Round "8"]
[White "Colonetti, Fabio"]
[Black "Pennica, Andrea"]
[Result "1-0"]
[WhiteElo "2040"]
[BlackElo "1892"]
[PlyCount "63"]
[EventDate "2019.07.07"]
[EventType "swiss"]
[EventRounds "9"]
[EventCountry "ITA"]
[SourceTitle "EXT 2020"]
[Source "ChessBase"]
[SourceDate "2019.10.17"]
[SourceVersion "1"]
[SourceVersionDate "2019.10.17"]
[SourceQuality "1"]

1. e4 d5 2. exd5 Qxd5 3. Nc3 Qa5 4. d4 Nf6 5. Nf3 Nc6 6. Bb5 Ne4 7. Bxc6+ bxc6 8. 0-0 Nxc3 9. bxc3 Qxc3 10. Bd2 Qc4 11. Bf4 Bg4 12. h3 Bh5 13. g4 Bg6 14. Rc1 e6 15. Ne5 Qc3 16. Re1 Rd8 17. Re3 Qxd4 18. Qf3 Rd5 19. Nxc6 Qa4 20. Qxd5 Be7 21. Qb3 Qxc6 22. Qb8+ Bd8 23. Rd1 Ke7 24. Qb4+ Ke8 25. Qb8 Ke7 26. Qb4+ Ke8 27. Rxd8+ Kxd8 28. Qb8+ Ke7 29. Qxh8 Be4 30. Bg5+ Kd6 31. Qd8+ Kc5 32. Rc3+ 1-0

[Event "ITA-ch U20 sf"]
[Site "Alessandria"]
[Date "2018.07.29"]
[Round "9.4"]
[White "Favaloro, Andrea"]
[Black "Pennica, Andrea"]
[Result "1-0"]
[WhiteElo "2223"]
[BlackElo "1893"]
[PlyCount "131"]
[EventDate "2018.07.21"]
[EventType "swiss"]
[EventRounds "9"]
[EventCountry "ITA"]
[SourceTitle "EXT 2023"]
[Source "ChessBase"]
[SourceDate "2022.10.05"]
[SourceVersion "1"]
[SourceVersionDate "2022.10.05"]
[SourceQuality "1"]

1. Nf3 d5 2. g3 Nf6 3. Bg2 e6 4. 0-0 Be7 5. c4 0-0 6. d4 c6 7. b3 Nbd7 8. Bb2 b6 9. Qc2 Bb7 10. Nc3 Qc7 11. e4 dxe4 12. Nxe4 Nxe4 13. Qxe4 c5 14. Qe2 Bf6 15. dxc5 bxc5 16. Rad1 Rad8 17. Bxf6 Nxf6 18. Ne5 Bxg2 19. Kxg2 Nd7 20. Nxd7 Rxd7 21. Rxd7 Qxd7 22. Rd1 Qc7 23. Qd3 g6 24. Rd2 Rc8 25. Qd7 Kf8 26. Rd6 Qb8 27. Ra6 Qa8+ 28. f3 Rd8 29. Rxa7 Rxd7 30. Rxa8+ Ke7 31. Rc8 Kd6 32. Kf2 Ra7 33. Rd8+ Kc6 34. Rd2 Ra3 35. Ke3 f6 36. Kd3 Ra7 37. Kc3 e5 38. Kb2 f5 39. a3 Re7 40. Re2 g5 41. b4 h5 42. Kc3 g4 43. fxg4 hxg4 44. b5+ Kb6 45. a4 Re8 46. Rd2 f4 47. Rd6+ Kb7 48. a5 f3 49. Kd2 Rh8 50. a6+ Kc7 51. Rc6+ Kd7 52. a7 Rf8 53. Ke1 Ra8 54. Rg6 Kc7 55. Rxg4 Kb6 56. Rg6+ Kb7 57. Rg7+ Kb6 58. Kf2 Rf8 59. Re7 e4 60. h4 e3+ 61. Rxe3 Kxa7 62. Rxf3 Rd8 63. Rf5 Kb6 64. h5 Kc7 65. g4 Kd6 66. Rf4 1-0

[Event "ITA-ch U20 sf"]
[Site "Alessandria"]
[Date "2018.07.21"]
[Round "1.6"]
[White "Zenari, Marco"]
[Black "Pennica, Andrea"]
[Result "1/2-1/2"]
[WhiteElo "2165"]
[BlackElo "1893"]
[PlyCount "73"]
[EventDate "2018.07.21"]
[EventType "swiss"]
[EventRounds "9"]
[EventCountry "ITA"]
[SourceTitle "EXT 2023"]
[Source "ChessBase"]
[SourceDate "2022.10.05"]
[SourceVersion "1"]
[SourceVersionDate "2022.10.05"]
[SourceQuality "1"]

1. e4 c6 2. d4 d5 3. e5 c5 4. dxc5 Nc6 5. a3 Nxe5 6. b4 Nf6 7. Bb2 Ng6 8. c4 e5 9. cxd5 Qxd5 10. Qxd5 Nxd5 11. Bb5+ Bd7 12. Bxd7+ Kxd7 13. Nf3 f6 14. 0-0 Ke6 15. Rd1 Be7 16. Nbd2 a5 17. bxa5 Rxa5 18. Nb3 Ra6 19. Rd2 Nc7 20. Bc3 Rha8 21. Bb4 Nb5 22. Rad1 Nxa3 23. Rd7 R8a7 24. g3 Nc2 25. Ba5 Rxa5 26. Nxa5 Rxa5 27. Rxb7 Rxc5 28. Rdd7 f5 29. h4 h5 30. Ng5+ Bxg5 31. hxg5 e4 32. Rxg7 Ne5 33. Rgc7 Rxc7 34. Rxc7 Nd4 35. Rh7 Ndf3+ 36. Kg2 Nxg5 37. Rxh5 1/2-1/2